<?xml version="1.0" encoding="UTF-8"?>
<record
    xmlns:xsi="http://www.w3.org/2001/XMLSchema-instance"
    xsi:schemaLocation="http://www.loc.gov/MARC21/slim http://www.loc.gov/standards/marcxml/schema/MARC21slim.xsd"
    xmlns="http://www.loc.gov/MARC21/slim">

  <leader>00516nam a22001337a 4500</leader>
  <controlfield tag="008">230405b        |||||||| |||| 00| 0 eng d</controlfield>
  <datafield tag="040" ind1=" " ind2=" ">
    <subfield code="a">National Science Library</subfield>
    <subfield code="c">National Science Library</subfield>
  </datafield>
  <datafield tag="080" ind1=" " ind2=" ">
    <subfield code="a">061.6 NBRI</subfield>
    <subfield code="b">P4</subfield>
  </datafield>
  <datafield tag="245" ind1=" " ind2=" ">
    <subfield code="a">National botanical research institute: </subfield>
    <subfield code="b">years of NBRI in the services of nation</subfield>
    <subfield code="c">/ Premier National Plant Research Center of India</subfield>
  </datafield>
  <datafield tag="260" ind1=" " ind2=" ">
    <subfield code="a">India: </subfield>
    <subfield code="b"> Premier National Plant Research Center of India</subfield>
    <subfield code="c">2004</subfield>
  </datafield>
  <datafield tag="300" ind1=" " ind2=" ">
    <subfield code="a">18p. </subfield>
  </datafield>
  <datafield tag="653" ind1=" " ind2=" ">
    <subfield code="a">National Botanical </subfield>
  </datafield>
  <datafield tag="942" ind1=" " ind2=" ">
    <subfield code="2">udc</subfield>
    <subfield code="c">BK</subfield>
  </datafield>
  <datafield tag="999" ind1=" " ind2=" ">
    <subfield code="c">18579</subfield>
    <subfield code="d">18579</subfield>
  </datafield>
  <datafield tag="952" ind1=" " ind2=" ">
    <subfield code="0">0</subfield>
    <subfield code="1">0</subfield>
    <subfield code="2">udc</subfield>
    <subfield code="4">0</subfield>
    <subfield code="6">0616_NBRI_P4</subfield>
    <subfield code="7">0</subfield>
    <subfield code="9">27447</subfield>
    <subfield code="a">NSL</subfield>
    <subfield code="b">NSL</subfield>
    <subfield code="c">GF/Rk-4/C-23/R-2</subfield>
    <subfield code="d">2006-04-17</subfield>
    <subfield code="l">0</subfield>
    <subfield code="o">061.6 NBRI P4</subfield>
    <subfield code="p">226473</subfield>
    <subfield code="r">2023-04-05 00:00:00</subfield>
    <subfield code="w">2006-04-17</subfield>
    <subfield code="y">BK</subfield>
  </datafield>
</record>
